Artistes et chansons de l'Eurovision 2022 (Turin) - Statistiques

Statistiques générales
  • Ce quiz a été pris 29 fois
  • Le résultat moyen est 39 sur 80
Statistiques - réponses
Pays Réponse % Correct
Not The Same
72%
Sekret
72%
Snap
72%
Espagne Chanel
67%
Rockstars
67%
SloMo
67%
Halo
61%
I Am What I Am
61%
Lock Me In
61%
Albanie Ronela Hajati
61%
Estonie Stefan
61%
Brividi
56%
Die Together
56%
Ela
56%
Fade To Black
56%
Fulenn
56%
Guilty Pleasure
56%
Hope
56%
Jezebel
56%
Ukraine Kalush Orchestra
56%
Autriche LUM!X feat. Pia Maria
56%
Italie Mahmood & BLANCO
56%
Miss You
56%
Australie Sheldon Riley
56%
SPACE MAN
56%
Stefania
56%
That's Rich
56%
The Show
56%
France Alvan & Ahez
50%
Grèce Amanda Tenfjord
50%
Chypre Andromache
50%
Irlande Brooke
50%
Give That Wolf A Banana
50%
I.M
50%
Intention
50%
Llámame
50%
Allemagne Malik Harris
50%
Portugal MARO
50%
Israël Michael Ben David
50%
Lituanie Monika Liu
50%
Danemark REDDI
50%
Pays-Bas S10
50%
Royaume-Uni Sam Ryder
50%
Saudade, Saudade
50%
Stripper
50%
Finlande The Rasmus
50%
Boys Do Cry
44%
Breathe
44%
Circles
44%
De Diepte
44%
Eat Your Salad
44%
Hold Me Closer
44%
In Corpore Sano
44%
Bulgarie Intelligent Music Project
44%
Belgique Jérémie Makiese
44%
Lights Off
44%
Pologne Ochman
44%
River
44%
Arménie Rosa Linn
44%
Sentimentai
44%
Norvège Subwoolfer
44%
Islande Systur
44%
Tchéquie We Are Domi
44%
Macédoine du Nord Andrea
39%
Géorgie Circus Mircus
39%
Suède Cornelia Jakobs
39%
Disko
39%
Malte Emma Muscat
39%
Serbie Konstrakta
39%
Croatie Mia Dimšić
39%
Azerbaïdjan Nadir Rustamli
39%
Roumanie WRS
39%
Saint-Marin Achille Lauro
33%
Lettonie Citi Zēni
33%
Slovénie LPS
33%
Monténégro Vladana
33%
Suisse Marius Bear
28%
Með Hækkandi Sól
28%
Trenulețul
28%
Moldavie Zdob şi Zdub & Advahov Brothers
11%
Aucun quiz correspondant
Distribution des résultats
% des personnes avec chaque résultat
Percentile par nombre de réponses
Votre historique - résultats
Vous n’avez pas pris ce quiz